Statistics for States with Accents

Click here to take the quiz!

General Stats

  • This quiz has been taken 66 times
  • The average score is 16 of 25

Answer Stats

Type of AccentAnswer% Correct
Southern/WesternTexas
96%
BostonMassachusetts
88%
BostonNew York
88%
SouthernAlabama
86%
SouthernMississippi
84%
SouthernGeorgia
82%
BostonNew Jersey
78%
SouthernSouth Carolina
73%
SouthernKentucky
71%
BostonConnecticut
69%
SouthernLouisiana
67%
SouthernNorth Carolina
67%
BostonRhode Island
67%
SouthernTennessee
65%
BostonPennsylvania
63%
SouthernArkansas
57%
NorthernMinnesota
53%
SouthernOklahoma
53%
WesternNew Mexico
43%
SouthernWest Virginia
43%
NorthernWisconsin
41%
WesternIdaho
37%
NorthernMichigan
37%
WesternMontana
37%
WesternWyoming
31%

Score Distribution

Percentile by Number Answered

Percent of People with Each Score

Your Score History

You have not taken this quiz